Montreal Canadiens Goalies Since 1919 - Statistics

General Stats
  • This quiz has been taken 44 times
  • The average score is 14 of 55
Answer Stats
Years Goaltender % Correct
2008–22 Carey Price
97%
2025–26 Jakub Dobeš
94%
2022–26 Samuel Montembeault
94%
2026 Jacob Fowler
92%
1985–96 Patrick Roy
81%
1953–63 Jacques Plante
78%
2021–24 Jake Allen
78%
2020–25 Cayden Primeau
69%
2007–10 Jaroslav Halák
67%
1971–79 Ken Dryden
67%
1996–06 José Théodore
56%
2016 Mike Condon
53%
2006–08 Cristobal Huet
42%
1918–26 Georges Vézina
42%
2016–20 Charlie Lindgren
39%
2018–19 Antti Niemi
36%
2014–16 Dustin Tokarski
33%
2012–14 Peter Budaj
31%
2016 Ben Scrivens
28%
1927–37 George Hainsworth
28%
2017–18 Al Montoya
22%
1944–50 Bill Durnan
22%
1967–72 Rogie Vachon
22%
2011 Alex Auld
17%
2006–07 David Aebischer
17%
1996–99 Jocelyn Thibault
17%
1990–94 André Racicot
8%
1998 Andy Moog
8%
1964–70 Gump Worsley
8%
2001–04 Mathieu Garon
8%
1974–81 Michel Larocque
8%
1980–84 Richard Sévigny
8%
1994–95 Ron Tugnutt
8%
1984–86 Steve Penney
8%
1987–90 Brian Hayward
6%
1955–67 Charlie Hodge
6%
1948–57 Gerry McNeil
6%
1999–03 Jeff Hackett
6%
1934 Lorne Chabot
6%
1934–41 Wilf Cude
6%
1939–40 Claude Bourque
3%
1980–82 Denis Herron
3%
1985–86 Doug Soetaert
3%
1991–99 Frédéric Chabot
3%
1926 Herb Rhéaume
3%
1941–46 Paul Bibeault
3%
1970–72 Phil Myre
3%
1981–84 Rick Wamsley
3%
1969 Tony Esposito
3%
1973–74 Wayne Thomas
3%
1941–42 Bert Gardiner
0%
1963 Cesare Maniago
0%
1991 Jean-Claude Bergeron
0%
1973–74 Michel Plasse
0%
1996–97 Pat Jablonski
0%
No matching quizzes found
Score Distribution
Percent of People with Each Score
Percentile by Number Answered
Your Score History
You have not taken this quiz